书目信息 |
| 题名: |
宏观材料学导论
|
|
| 作者: | 肖纪美 著 | |
| 分册: | ||
| 出版信息: | 哈尔滨 哈尔滨工业大学出版社 2014.12 |
|
| 页数: | 338页 | |
| 开本: | 24cm | |
| 丛书名: | 材料科学与工程系列 | |
| 单 册: | ||
| 中图分类: | TB3 | |
| 科图分类: | ||
| 主题词: | 材料科学--cai liao ke xue--研究 | |
| 电子资源: | ||
| ISBN: | 978-7-5603-5102-5 | |
| 000 | 01428nam 2200301 450 | |
| 001 | CAL 0120151578791 | |
| 005 | 20150823162329.46 | |
| 010 | @a978-7-5603-5102-5@dCNY48.00 | |
| 100 | @a20150603d2014 em y0chiy50 ea | |
| 101 | 0 | @achi |
| 102 | @aCN@b230000 | |
| 105 | @aak a 000yy | |
| 106 | @ar | |
| 200 | 1 | @a宏观材料学导论@Ahong guan cai liao xue dao lun@d= Introductive of macro-materialogy@f肖纪美著@zeng |
| 210 | @a哈尔滨@c哈尔滨工业大学出版社@d2014.12 | |
| 215 | @a338页@c图@d24cm | |
| 225 | 2 | @a材料科学与工程系列@Acai liao ke xue yu gong cheng xi lie |
| 300 | @a“十二五”国家重点图书出版规划项目 | |
| 320 | @a有书目 (第321-329页) | |
| 330 | @a本书分3篇13章。第Ⅰ篇总论 —— 材料学的方法论, 包含4章, 依次讨论历史分析、逻辑分析、系统分析、简易材料论, 这些内容也适用于微观材料学。第Ⅱ篇分论, 共8章, 第5章简介宏观材料学的结构 ; 第6章在可持续发展战略的指引下, 讨论生态材料 ; 第7及第8章与社会科学交叉, 分别讨论材料经济及科技法律 ; 第9及第10章在科教兴国战略的指引下, 分别讨论材料科研及材料教育 ; 第11及第12章分别与决策论及未来学交叉, 分别介绍材料选用及材料展望。第Ⅲ篇结论, 第13章, 简论处事三论 —— 算计, 生态, 适中。 | |
| 410 | 0 | @12001 @a材料科学与工程系列 |
| 510 | 1 | @aIntroductive of macro-materialogy@zeng |
| 586 | @a | |
| 606 | 0 | @a材料科学@Acai liao ke xue@x研究 |
| 690 | @aTB3@v5 | |
| 701 | 0 | @a肖纪美@Axiao ji mei@4著 |
| 801 | 0 | @aCN@c20150820 |
| 905 | @a河南城建学院图书馆@dTB3@eX291@f3 | |
| 宏观材料学导论= Introductive of macro-materialogy/肖纪美著.-哈尔滨:哈尔滨工业大学出版社,2014.12 |
| 338页:图;24cm.-(材料科学与工程系列) |
| “十二五”国家重点图书出版规划项目 |
| ISBN 978-7-5603-5102-5:CNY48.00 |
| 本书分3篇13章。第Ⅰ篇总论 —— 材料学的方法论, 包含4章, 依次讨论历史分析、逻辑分析、系统分析、简易材料论, 这些内容也适用于微观材料学。第Ⅱ篇分论, 共8章, 第5章简介宏观材料学的结构 ; 第6章在可持续发展战略的指引下, 讨论生态材料 ; 第7及第8章与社会科学交叉, 分别讨论材料经济及科技法律 ; 第9及第10章在科教兴国战略的指引下, 分别讨论材料科研及材料教育 ; 第11及第12章分别与决策论及未来学交叉, 分别介绍材料选用及材料展望。第Ⅲ篇结论, 第13章, 简论处事三论 —— 算计, 生态, 适中。 |
| ● |
| 相关链接 |
|
|
|
正题名:宏观材料学导论
索取号:TB3/X291
 
预约/预借
| 序号 | 登录号 | 条形码 | 馆藏地/架位号 | 状态 | 备注 |
| 1 | 1169362 | 211693620 | 自科库501/501自科库 9排2列1层/ [索取号:TB3/X291] | 在馆 | |
| 2 | 1169363 | 211693639 | 自科库501/501自科库 9排2列1层/ [索取号:TB3/X291] | 在馆 | |
| 3 | 1169364 | 211693648 | 自科库501/501自科库 9排2列1层/ [索取号:TB3/X291] | 在馆 |